[Event "POL-chT 2 Liga 2019"]
[Site "Poronin"]
[Date "2019.09.10"]
[Round "4.2"]
[White "Pacan-Milej, Kosma"]
[Black "Jakubiec, Artur"]
[Result "1/2-1/2"]
[WhiteElo "2287"]
[BlackElo "2472"]
[Annotator "ChessBase"]
[PlyCount "24"]
[EventDate "2019.09.07"]
[EventType "team-tourn"]
[EventCountry "POL"]
[SourceTitle "playchess.com"]
[Source "ChessBase"]
[SourceQuality "1"]
[TimeControl "40/5400+30:1800+30"]

1. d4 {[%emt 0:00:00]} d6 {[%emt 0:00:17]} 2. e4 {[%emt 0:00:00]} Nf6 {[%emt 0:00:55]} 3. Bd3 {[%emt 0:01:24]} g6 {[%emt 0:01:05]} 4. Nf3 {[%emt 0:00:31]} Bg7 {[%emt 0:00:31]} 5. O-O {[%emt 0:00:11]} O-O {[%emt 0:00:35]} 6. c3 {[%emt 0:00:47]} Nc6 {[%emt 0:02:57]} 7. Nbd2 {[%emt 0:01:03]} Bg4 {[%emt 0:02:22]} 8. h3 {[%emt 0:00:23]} Bxf3 {[%emt 0:00:26]} 9. Nxf3 {[%emt 0:00:10]} e5 {[%emt 0:03:42]} 10. dxe5 {[%emt 0:04:04]} dxe5 {[%emt 0:03:35]} 11. Bc2 {[%emt 0:05:41]} Qe7 {[%emt 0:01:40]} 12. Qe2 {[%emt 0:01:49]} a6 {[%emt 0:10:22]} 1/2-1/2

[Event "POL-chT 2 Liga 2019"]
[Site "Poronin"]
[Date "2019.09.10"]
[Round "4.3"]
[White "Tymrakiewicz, Rafal"]
[Black "Licznerski, Lukasz"]
[Result "1/2-1/2"]
[WhiteElo "2257"]
[BlackElo "2356"]
[Annotator "TA"]
[PlyCount "195"]
[EventDate "2019.09.07"]
[EventType "team-tourn"]
[EventCountry "POL"]
[SourceTitle "playchess.com"]
[Source "ChessBase"]
[SourceQuality "1"]

{[%evp 9,195,-3,12,-8,-5,0,0,0,15,-1,34,12,27,23,18,6,21,0,16,13,51,0,0,0,0,0,19,26,29,9,31,23,27,30,54,49,35,40,45,18,62,73,85,57,58,42,66,34,36,29,45,0,0,0,48,0,14,19,41,0,0,-61,-61,-19,-33,-69,-62,-65,-41,-66,0,-7,0,-8,0,0,0,0,0,-1,-7,-1,24,24,24,24,24,24,24,9,24,24,61,0,11,11,11,11,11,11,12,12,12,12,34,36,38,38,55,42,127,127,127,127,127,127,115,83,127,28,28,28,28,28,28,28,28,28,28,28,28,28,28,28,28,28,28,28,28,28,28,0,28,28,28,28,32,32,32,32,32,32,32,32,32,0,32,32,32,32,32,32,32,32,32,32,32,32,32,32,32,32,32,32,32,0,32,32,32,32,32,32,32,32,32,32,40,0]} 1. d4 Nf6 2. Bg5 g6 3. Nd2 Bg7 4. Ngf3 d6 5. h3 (5. c3 O-O 6. e4 c5 7. dxc5 dxc5 8. Bc4 Nc6 9. Qe2 Qc7 10. O-O h6 11. Bxf6 Bxf6 12. Qe3 Bg7 13. Qxc5 b6 14. Qe3 Bb7 15. Rfd1 e6 16. Be2 Rfd8 17. Nf1 a6 18. h4 b5 19. N1h2 Rxd1+ 20. Rxd1 {1-0 (35) Harikrishna,P (2744)-Duda,J (2717) Riadh 2017}) 5... h6 6. Bf4 {A48: 1 d4 Nf6 2 Nf3 g6: Torre, London and Colle Systems} Nbd7 7. c3 e5 $146 ({Predecessor:} 7... O-O 8. e3 b6 9. Bc4 Bb7 10. O-O c5 11. Bh2 Qc7 12. Re1 a6 {½-½ (58) Kytoniemi,J (2228)-Laihonen,P (2192) Finland 2015}) 8. dxe5 {The position is equal.} Nh5 9. Bh2 dxe5 10. e3 Qe7 11. Qc2 Nhf6 12. Be2 O-O 13. O-O Ne8 14. e4 Nef6 15. Ne1 ({White should play} 15. Nc4 $14) 15... b6 $11 16. Nef3 Bb7 17. Rfe1 Nh5 18. Bc4 a5 19. Rad1 a4 20. b4 axb3 21. axb3 c6 22. b4 {[%cal Bb3b4,Bb4b5][%mdl 32]} Rfe8 23. Bf1 Ba6 24. Nc4 Ra7 25. Nd6 Rea8 26. c4 c5 27. b5 Bc8 28. Nxc8 Rxc8 29. Qd2 Kf8 30. Qd6 Qxd6 31. Rxd6 Ke7 32. Red1 (32. Rc6 $5 {[%cal Rc6c8]} Rca8 33. Rd1 $14) 32... Rb8 33. g4 Nf4 $1 34. Bxf4 exf4 35. h4 (35. R6d5 $11) 35... Ne5 $15 36. Nxe5 Bxe5 37. R6d2 Bc3 38. Rc2 Bf6 39. Bg2 Bxh4 (39... Rd8 $15 40. Rxd8 Kxd8) 40. e5 $11 Ra3 41. Bc6 Rd8 42. Rxd8 Kxd8 {[%mdl 4096] Endgame KRB-KRB} 43. Kg2 Ke7 44. Rd2 Ke6 45. Re2 Rd3 46. Bd5+ Rxd5 47. cxd5+ Kxd5 {KR-KB} 48. Rd2+ Kxe5 49. Kf3 c4 50. Rd7 c3 51. Ke2 (51. Rd3 $1 $14) 51... f3+ 52. Kxf3 {next Rd3 is good for White.} Bg5 {[#] aiming for ...c2.} 53. Rc7 Kd4 {Threatens to win with ...Kd3.} 54. Ke2 h5 55. gxh5 gxh5 {...h4 is the strong threat.} 56. Kd1 Kd3 57. Rd7+ Kc4 {White must now prevent ...Kb3.} 58. Kc2 f6 59. Rh7 Kxb5 (59... Bh4 $14) 60. Rxh5 $16 {Hoping for f4.} Kc6 61. Kxc3 Bf4 62. Kc4 Be5 63. Rf5 b5+ {[#]} 64. Kb4 (64. Kd3 $1 $16) 64... Kd5 $11 65. f3 Kd4 $1 66. Kxb5 Ke3 67. Kc4 Bf4 68. Rxf6 Kxf3 69. Kd3 Kg3 70. Ke4 Bb8 71. Rf3+ Kg2 72. Rf7 Bd6 73. Rf6 Bb8 74. Rf8 Bc7 75. Rf7 Bb8 76. Ke3 Bd6 77. Rg7+ Bg3 78. Ke2 Kh2 $1 79. Kf3 Bd6 80. Rg2+ Kh1 $1 81. Rg6 Bb8 82. Rg2 Bc7 83. Kf2 Bb6+ 84. Kf1 Bc7 85. Rc2 Bb8 86. Rc8 Be5 87. Re8 Bc7 88. Re7 Bg3 89. Rd7 Bb8 90. Kf2 Be5 91. Rd5 Bb8 92. Rd7 Be5 93. Re7 {White is slightly better.} Bb8 94. Re6 Ba7+ 95. Kf3 Bb8 96. Re7 Bd6 97. Rd7 Bb8 98. Kf2 {Accuracy: White = 63%, Black = 49%.} 1/2-1/2

[Event "POL-chT 2 Liga 2019"]
[Site "Poronin"]
[Date "2019.09.10"]
[Round "4.4"]
[White "Punin, Andrii"]
[Black "Szoen, Dariusz"]
[Result "1/2-1/2"]
[WhiteElo "2325"]
[BlackElo "2415"]
[Annotator "NA"]
[PlyCount "118"]
[EventDate "2019.09.07"]
[EventType "team-tourn"]
[EventCountry "POL"]
[SourceTitle "playchess.com"]
[Source "ChessBase"]
[SourceQuality "1"]
[TimeControl "40/5400+30:1800+30"]

1. e4 {[%emt 0:00:47]} e6 {[%emt 0:00:17]} 2. d4 {[%emt 0:00:07]} d5 {[%emt 0:00:04]} 3. Nc3 {[%emt 0:00:05]} Bb4 {[%emt 0:00:04]} 4. e5 {[%emt 0:00:09]} c5 {[%emt 0:00:05]} 5. a3 {[%emt 0:00:06]} Bxc3+ {[%emt 0:00:18]} 6. bxc3 {[%emt 0:00:07]} Qa5 {[%emt 0:00:02]} 7. Bd2 {[%emt 0:00:12]} Qa4 {[%emt 0:00:03]} 8. Qg4 {[%emt 0:00:12]} Kf8 {[%emt 0:00:04]} 9. Nf3 {[%emt 0:00:13]} Nc6 {[%emt 0:00:09]} 10. Be2 {[%emt 0:00:20]} Nge7 {[%emt 0:02:18]} 11. h3 {[%emt 0:02:41]} Qxc2 {[%emt 0:03:26]} 12. dxc5 {[%emt 0:00:11]} Ng6 {[%emt 0:03:48]} 13. Rc1 {[%emt 0:06:30]} Qb2 {[%emt 0:05:21]} 14. Qg5 {[%emt 0:03:23]} Qxa3 {[%emt 0:05:22]} 15. Be3 {[%emt 0:04:19]} h6 {[%emt 0:04:18]} 16. Qg3 {[%emt 0:03:06]} Nce7 {[%emt 0:13:24]} 17. Nd4 {[%emt 0:04:03]} Nf5 {[%emt 0:03:01]} 18. Nxf5 {[%emt 0:00:10]} exf5 {[%emt 0:00:01]} 19. O-O {[%emt 0:02:51]} Be6 {[%emt 0:02:55]} 20. Bd4 {[%emt 0:08:01]} Qa5 {[%emt 0:02:09]} 21. f4 {[%emt 0:04:12]} Kg8 {[%emt 0:02:59]} 22. Ra1 {[%emt 0:06:52]} Qc7 {[%emt 0:00:13]} 23. Ra3 {[%emt 0:00:40]} Nf8 {[%emt 0:04:36]} 24. Rfa1 {[%emt 0:04:08]} a5 {[%emt 0:02:10]} 25. Qd3 {[%emt 0:02:12]} Kh7 {[%emt 0:25:34]} 26. Qb5 {[%emt 0:05:19]} Bd7 {[%emt 0:14:03]} 27. Qb6 {[%emt 0:03:42]} Qxb6 {[%emt 0:00:01]} 28. cxb6 {[%emt 0:00:08]} a4 {[%emt 0:00:08]} 29. Bd1 {[%emt 0:00:10]} Ne6 {[%emt 0:00:30]} 30. Bxa4 {[%emt 0:00:30]} Bxa4 {[%emt 0:00:12]} 31. Rxa4 {[%emt 0:00:08]} Rab8 {[%emt 0:00:47]} 32. g3 {[%emt 0:05:01]} Rhd8 {[%emt 0:00:03]} 33. Kf2 {[%emt 0:00:45]} Rbc8 {[%emt 0:00:47]} 34. Ke3 {[%emt 0:01:43]} Rc6 {[%emt 0:00:37]} 35. Ra5 {[%emt 0:01:58]} g5 {[%emt 0:02:57]} 36. Rb5 {[%emt 0:03:40]} Nxd4 {[%emt 0:01:30]} 37. Kxd4 {[%emt 0:00:15]} Rc4+ {[%emt 0:00:04]} 38. Kd3 {[%emt 0:00:09]} gxf4 {[%emt 0:01:07]} 39. gxf4 {[%emt 0:03:12]} Rxf4 {[%emt 0:00:36]} 40. Ra7 {[%emt 0:00:00]} Rd7 {[%emt 0:00:00]} 41. Rc5 {[%emt 0:04:41]} Rc4 {[%emt 0:07:25]} 42. Rxd5 {[%emt 0:02:52]} Rxd5+ {[%emt 0:09:47]} 43. Kxc4 {[%emt 0:00:19]} Rd7 {[%emt 0:00:01]} 44. Ra1 {[%emt 0:03:23]} Re7 {[%emt 0:14:49]} 45. Kd5 {[%emt 0:06:28]} Re6 {[%emt 0:00:06]} 46. Rb1 {[%emt 0:02:22]} f4 {[%emt 0:00:42]} 47. Ke4 {[%emt 0:05:42]} Rc6 {[%emt 0:01:27]} 48. Kxf4 {[%emt 0:07:44]} Rxc3 {[%emt 0:01:06]} 49. Rd1 {[%emt 0:00:10]} Rb3 {[%emt 0:00:36]} 50. Rd6 {[%emt 0:01:29]} Kg7 {[%emt 0:00:11]} 51. h4 {[%emt 0:01:44]} h5 {[%emt 0:02:23]} 52. e6 {[%emt 0:02:39]} fxe6 {[%emt 0:00:16]} 53. Rxe6 {[%emt 0:00:06]} Rb5 {[%emt 0:01:04]} 54. Re7+ {[%emt 0:00:12]} Kf6 {[%emt 0:00:03]} 55. Rxb7 {[%emt 0:00:07]} Rb4+ {[%emt 0:00:00]} 56. Kg3 {[%emt 0:00:25]} Rb3+ {[%emt 0:00:03]} 57. Kf2 {[%emt 0:00:08]} Kf5 {[%emt 0:00:11]} 58. Rg7 {[%emt 0:01:51]} Rxb6 {[%emt 0:00:25]} 59. Rg5+ {[%emt 0:00:06]} Kf4 {[%emt 0:00:09]} 1/2-1/2

[Event "POL-chT 2 Liga 2019"]
[Site "Poronin"]
[Date "2019.09.10"]
[Round "4.5"]
[White "Gmaj, Krzysztof"]
[Black "Kowalczyk, Pawel"]
[Result "0-1"]
[WhiteElo "2120"]
[BlackElo "2294"]
[Annotator "RC"]
[PlyCount "294"]
[EventDate "2019.09.07"]
[EventType "team-tourn"]
[EventCountry "POL"]
[SourceTitle "playchess.com"]
[Source "ChessBase"]
[SourceQuality "1"]
[TimeControl "40/5400+30:1800+30"]

1. e4 {[%emt 0:00:00]} c5 {[%emt 0:00:00]} 2. Nf3 {[%emt 0:00:43]} d6 {[%emt 0:00:09]} 3. d4 {[%emt 0:00:06]} cxd4 {[%emt 0:00:04]} 4. Qxd4 {[%emt 0:00:05]} a6 {[%emt 0:01:58]} 5. c4 {[%emt 0:01:31]} Nf6 {[%emt 0:01:29]} 6. Nc3 {[%emt 0:03:55]} e6 {[%emt 0:01:51]} 7. Be2 {[%emt 0:01:26]} Be7 {[%emt 0:01:05]} 8. O-O {[%emt 0:00:51]} Nc6 {[%emt 0:04:29]} 9. Qd2 {[%emt 0:01:07]} O-O {[%emt 0:01:01]} 10. b3 {[%emt 0:00:33]} b6 {[%emt 0:01:03]} 11. Bb2 {[%emt 0:03:17]} Bb7 {[%emt 0:05:26]} 12. Rad1 {[%emt 0:04:00]} Qc7 {[%emt 0:02:51]} 13. Nd4 {[%emt 0:06:10]} Rfd8 {[%emt 0:01:41]} 14. Qe3 {[%emt 0:04:05]} Rac8 {[%emt 0:09:01]} 15. Kh1 {[%emt 0:07:59]} Nxd4 {[%emt 0:09:09]} 16. Qxd4 {[%emt 0:00:51]} Qc5 {[%emt 0:02:52]} 17. Qd3 {[%emt 0:03:12]} b5 {[%emt 0:04:44]} 18. Qg3 {[%emt 0:15:07]} bxc4 {[%emt 0:05:23]} 19. Bxc4 {[%emt 0:02:14]} Bf8 {[%emt 0:06:49]} 20. f3 {[%emt 0:04:45]} Qh5 {[%emt 0:00:02]} 21. Ne2 {[%emt 0:02:40]} Qg6 {[%emt 0:01:32]} 22. Qh3 {[%emt 0:03:02]} Qh5 {[%emt 0:04:31]} 23. Qg3 {[%emt 0:01:50]} Kh8 {[%emt 0:05:53]} 24. Nf4 {[%emt 0:02:02]} Qa5 {[%emt 0:00:19]} 25. Qh4 {[%emt 0:06:17]} Ne8 {[%emt 0:05:39]} 26. Bxe6 {[%emt 0:05:17]} fxe6 {[%emt 0:00:58]} 27. Nxe6 {[%emt 0:00:36]} Kg8 {[%emt 0:00:28]} 28. Nxf8 {[%emt 0:03:24]} Kxf8 {[%emt 0:00:02]} 29. Qxh7 {[%emt 0:00:33]} Qg5 {[%emt 0:03:09]} 30. Rf2 {[%emt 0:01:45]} Nf6 {[%emt 0:01:06]} 31. Qh3 {[%emt 0:03:55]} Kf7 {[%emt 0:00:14]} 32. Bxf6 {[%emt 0:01:07]} Qxf6 {[%emt 0:01:28]} 33. Rfd2 {[%emt 0:00:59]} Kg8 {[%emt 0:00:49]} 34. Qg3 {[%emt 0:00:18]} d5 {[%emt 0:00:06]} 35. exd5 {[%emt 0:05:04]} Rxd5 {[%emt 0:00:08]} 36. Rxd5 {[%emt 0:00:16]} Bxd5 {[%emt 0:00:02]} 37. h3 {[%emt 0:00:13]} Bf7 {[%emt 0:01:07]} 38. Rd2 {[%emt 0:02:41]} Rd8 {[%emt 0:00:29]} 39. Re2 {[%emt 0:00:56]} Rd1+ {[%emt 0:00:52]} 40. Kh2 {[%emt 0:00:00]} Qb6 {[%emt 0:00:00]} 41. Qe5 {[%emt 0:10:43]} Rd5 {[%emt 0:02:10]} 42. Qf4 {[%emt 0:01:36]} Qg6 {[%emt 0:00:55]} 43. Qb8+ {[%emt 0:00:47]} Kh7 {[%emt 0:00:22]} 44. Re4 {[%emt 0:00:44]} Qd6+ {[%emt 0:03:04]} 45. Qxd6 {[%emt 0:00:05]} Rxd6 {[%emt 0:00:03]} 46. Kg3 {[%emt 0:04:29]} Kg6 {[%emt 0:00:06]} 47. Re5 {[%emt 0:02:54]} Kf6 {[%emt 0:00:23]} 48. Rc5 {[%emt 0:00:09]} Be8 {[%emt 0:01:16]} 49. Rc2 {[%emt 0:02:35]} Bb5 {[%emt 0:00:10]} 50. Kf4 {[%emt 0:02:44]} Ke6 {[%emt 0:00:12]} 51. Ke3 {[%emt 0:00:50]} Rd3+ {[%emt 0:00:23]} 52. Ke4 {[%emt 0:01:03]} Rd1 {[%emt 0:00:06]} 53. Ke3 {[%emt 0:01:53]} g6 {[%emt 0:05:02]} 54. h4 {[%emt 0:00:36]} Rh1 {[%emt 0:00:48]} 55. g3 {[%emt 0:00:17]} Rd1 {[%emt 0:01:03]} 56. Kf4 {[%emt 0:03:45]} Kf6 {[%emt 0:02:37]} 57. g4 {[%emt 0:00:27]} Rd4+ {[%emt 0:00:28]} 58. Ke3 {[%emt 0:00:26]} Rd5 {[%emt 0:00:25]} 59. Kf4 {[%emt 0:00:48]} Bd7 {[%emt 0:00:41]} 60. Re2 {[%emt 0:01:28]} Rd4+ {[%emt 0:00:22]} 61. Ke3 {[%emt 0:00:38]} Rd6 {[%emt 0:00:14]} 62. Kf4 {[%emt 0:00:30]} Bc6 {[%emt 0:00:05]} 63. Rc2 {[%emt 0:00:36]} Kf7 {[%emt 0:01:26]} 64. Rc3 {[%emt 0:02:18]} Kf6 {[%emt 0:00:40]} 65. Rc2 {[%emt 0:00:31]} Bb5 {[%emt 0:00:07]} 66. Ke3 {[%emt 0:00:43]} Rd1 {[%emt 0:00:24]} 67. Kf4 {[%emt 0:00:36]} Rh1 {[%emt 0:00:06]} 68. a4 {[%emt 0:01:18]} Bd7 {[%emt 0:01:55]} 69. Rc7 {[%emt 0:00:37]} Rd1 {[%emt 0:00:02]} 70. Rb7 {[%emt 0:00:23]} Rd4+ {[%emt 0:00:14]} 71. Ke3 {[%emt 0:00:10]} Rd6 {[%emt 0:00:06]} 72. a5 {[%emt 0:01:05]} Rd5 {[%emt 0:05:20]} 73. Rb6+ {[%emt 0:00:09]} Kf7 {[%emt 0:00:08]} 74. Rxa6 {[%emt 0:00:14]} Rb5 {[%emt 0:00:02]} 75. Ra7 {[%emt 0:00:45]} Rxb3+ {[%emt 0:00:05]} 76. Kf4 {[%emt 0:00:06]} Rb4+ {[%emt 0:01:15]} 77. Kg5 {[%emt 0:00:13]} Rb5+ {[%emt 0:00:03]} 78. Kf4 {[%emt 0:01:39]} Ke7 {[%emt 0:00:08]} 79. Ra6 {[%emt 0:00:23]} Be8 {[%emt 0:01:16]} 80. Ra7+ {[%emt 0:00:06]} Kf8 {[%emt 0:01:52]} 81. Ra8 {[%emt 0:00:33]} Rc5 {[%emt 0:00:12]} 82. Ra7 {[%emt 0:00:26]} Rc4+ {[%emt 0:00:29]} 83. Kg5 {[%emt 0:00:06]} Rc5+ {[%emt 0:00:25]} 84. Kf4 {[%emt 0:00:21]} Bf7 {[%emt 0:01:16]} 85. Ra8+ {[%emt 0:00:09]} Kg7 {[%emt 0:00:05]} 86. Ra7 {[%emt 0:00:04]} Kf6 {[%emt 0:00:27]} 87. Ra6+ {[%emt 0:00:06]} Be6 {[%emt 0:00:06]} 88. Ra7 {[%emt 0:00:24]} Rc4+ {[%emt 0:00:12]} 89. Ke3 {[%emt 0:00:52]} Rb4 {[%emt 0:00:37]} 90. Ra6 {[%emt 0:00:16]} Ra4 {[%emt 0:01:27]} 91. f4 {[%emt 0:02:06]} Kf7 {[%emt 0:01:57]} 92. h5 {[%emt 0:00:42]} Bxg4 {[%emt 0:00:37]} 93. Rxg6 {[%emt 0:00:51]} Bxh5 {[%emt 0:00:06]} 94. Rg5 {[%emt 0:00:05]} Bg6 {[%emt 0:00:14]} 95. Re5 {[%emt 0:00:28]} Kf6 {[%emt 0:00:06]} 96. Kf3 {[%emt 0:00:10]} Bf5 {[%emt 0:00:17]} 97. Ke3 {[%emt 0:00:19]} Ra3+ {[%emt 0:00:06]} 98. Kf2 {[%emt 0:00:24]} Bg4 {[%emt 0:03:17]} 99. Kg2 {[%emt 0:02:00]} Rf3 {[%emt 0:00:14]} 100. Re4 {[%emt 0:00:21]} Ra3 {[%emt 0:01:26]} 101. Re5 {[%emt 0:00:05]} Bf3+ {[%emt 0:00:06]} 102. Kf2 {[%emt 0:01:19]} Bc6 {[%emt 0:00:09]} 103. Rc5 {[%emt 0:00:29]} Be4 {[%emt 0:00:08]} 104. Ke2 {[%emt 0:00:50]} Rf3 {[%emt 0:00:38]} 105. f5 {[%emt 0:01:09]} Ra3 {[%emt 0:00:06]} 106. Kd2 {[%emt 0:01:08]} Bxf5 {[%emt 0:00:08]} 107. Ke2 {[%emt 0:00:20]} Be4 {[%emt 0:00:12]} 108. Kd2 {[%emt 0:00:13]} Ke6 {[%emt 0:00:03]} 109. Rh5 {[%emt 0:00:35]} Kd6 {[%emt 0:00:13]} 110. Kc1 {[%emt 0:00:47]} Bd5 {[%emt 0:00:06]} 111. Kb2 {[%emt 0:00:07]} Rxa5 {[%emt 0:00:04]} 112. Rh3 {[%emt 0:00:30]} Ra2+ {[%emt 0:00:05]} 113. Kb1 {[%emt 0:00:08]} Rf2 {[%emt 0:00:03]} 114. Kc1 {[%emt 0:00:18]} Kc5 {[%emt 0:00:04]} 115. Kb1 {[%emt 0:00:10]} Kd4 {[%emt 0:00:05]} 116. Kc1 {[%emt 0:00:13]} Be4 {[%emt 0:00:06]} 117. Ra3 {[%emt 0:00:19]} Bd3 {[%emt 0:00:07]} 118. Ra4+ {[%emt 0:00:24]} Ke3 {[%emt 0:00:17]} 119. Ra8 {[%emt 0:00:44]} Rc2+ {[%emt 0:00:20]} 120. Kd1 {[%emt 0:00:07]} Rb2 {[%emt 0:00:01]} 121. Re8+ {[%emt 0:01:17]} Be4 {[%emt 0:00:02]} 122. Rc8 {[%emt 0:00:26]} Rh2 {[%emt 0:01:06]} 123. Kc1 {[%emt 0:00:13]} Rh1+ {[%emt 0:00:04]} 124. Kb2 {[%emt 0:00:06]} Bd3 {[%emt 0:00:49]} 125. Re8+ {[%emt 0:00:20]} Kd2 {[%emt 0:00:05]} 126. Rc8 {[%emt 0:00:28]} Rb1+ {[%emt 0:00:40]} 127. Ka2 {[%emt 0:00:06]} Rb5 {[%emt 0:00:19]} 128. Rc7 {[%emt 0:00:16]} Bc2 {[%emt 0:00:13]} 129. Rd7+ {[%emt 0:00:34]} Kc1 {[%emt 0:00:24]} 130. Ka3 {[%emt 0:00:19]} Rb3+ {[%emt 0:00:04]} 131. Ka2 {[%emt 0:00:03]} Rb4 {[%emt 0:00:42]} 132. Ra7 {[%emt 0:00:09]} Rb5 {[%emt 0:00:58]} 133. Ka3 {[%emt 0:00:23]} Rb1 {[%emt 0:00:05]} 134. Rc7 {[%emt 0:00:30]} Rb3+ {[%emt 0:01:07]} 135. Ka2 {[%emt 0:00:05]} Rb4 {[%emt 0:00:02]} 136. Ra7 {[%emt 0:00:09]} Rc4 {[%emt 0:00:08]} 137. Ra5 {[%emt 0:00:10]} Kd2 {[%emt 0:00:06]} 138. Ra7 {[%emt 0:00:50]} Kc3 {[%emt 0:00:07]} 139. Ra3+ {[%emt 0:00:23]} Kb4 {[%emt 0:00:12]} 140. Ra7 {[%emt 0:00:16]} Bb3+ {[%emt 0:00:06]} 141. Kb2 {[%emt 0:00:10]} Rc2+ {[%emt 0:00:09]} 142. Kb1 {[%emt 0:00:06]} Rf2 {[%emt 0:00:41]} 143. Rc7 {[%emt 0:01:30]} Bc4 {[%emt 0:00:05]} 144. Rg7 {[%emt 0:01:02]} Kc3 {[%emt 0:00:33]} 145. Rg3+ {[%emt 0:00:17]} Bd3+ {[%emt 0:00:06]} 146. Ka1 {[%emt 0:00:05]} Rf1+ {[%emt 0:00:28]} 147. Ka2 {[%emt 0:00:06]} Rf6 {[%emt 0:00:10]} 0-1

[Event "POL-chT 2 Liga 2019"]
[Site "Poronin"]
[Date "2019.09.10"]
[Round "4.6"]
[White "Starosta, Martyna"]
[Black "Kubicka, Anna"]
[Result "1-0"]
[WhiteElo "1814"]
[BlackElo "2225"]
[Annotator "NA"]
[PlyCount "111"]
[EventDate "2019.09.07"]
[EventType "team-tourn"]
[EventCountry "POL"]
[SourceTitle "playchess.com"]
[Source "ChessBase"]
[SourceQuality "1"]
[TimeControl "40/5400+30:1800+30"]

1. e4 {[%emt 0:00:00]} c5 {[%emt 0:00:00]} 2. Nf3 {[%emt 0:00:00]} d6 {[%emt 0:00:00]} 3. d4 {[%emt 0:00:00]} cxd4 {[%emt 0:00:00]} 4. Nxd4 {[%emt 0:00:00]} Nf6 {[%emt 0:00:00]} 5. Nc3 {[%emt 0:00:00]} a6 {[%emt 0:00:20]} 6. Bg5 {[%emt 0:00:05]} Nbd7 {[%emt 0:00:09]} 7. f4 {[%emt 0:00:15]} Qc7 {[%emt 0:00:16]} 8. Qf3 {[%emt 0:00:10]} h6 {[%emt 0:00:22]} 9. Bxf6 {[%emt 0:00:07]} Nxf6 {[%emt 0:00:08]} 10. f5 {[%emt 0:00:16]} Qc5 {[%emt 0:05:45]} 11. O-O-O {[%emt 0:00:12]} g5 {[%emt 0:00:13]} 12. e5 {[%emt 0:01:13]} Qxe5 {[%emt 0:00:33]} 13. g3 {[%emt 0:00:22]} h5 {[%emt 0:01:45]} 14. Kb1 {[%emt 0:00:49]} g4 {[%emt 0:01:49]} 15. Qf2 {[%emt 0:00:09]} Bh6 {[%emt 0:09:14]} 16. Re1 {[%emt 0:00:39]} Qc5 {[%emt 0:00:29]} 17. Bg2 {[%emt 0:01:50]} Bd7 {[%emt 0:13:25]} 18. Qe2 {[%emt 0:02:28]} O-O {[%emt 0:02:14]} 19. Nb3 {[%emt 0:03:41]} Qxf5 {[%emt 0:18:12]} 20. Rhf1 {[%emt 0:01:53]} Qg6 {[%emt 0:07:20]} 21. Bxb7 {[%emt 0:08:03]} Rab8 {[%emt 0:04:59]} 22. Bxa6 {[%emt 0:01:45]} e5 {[%emt 0:01:11]} 23. Rd1 {[%emt 0:04:23]} Ne8 {[%emt 0:04:16]} 24. Nd5 {[%emt 0:03:32]} Bg5 {[%emt 0:00:50]} 25. Bc4 {[%emt 0:03:39]} Kg7 {[%emt 0:02:14]} 26. Nc5 {[%emt 0:09:29]} Bc8 {[%emt 0:12:47]} 27. Nd3 {[%emt 0:07:17]} Kh6 {[%emt 0:05:47]} 28. Qf2 {[%emt 0:08:13]} Be6 {[%emt 0:01:34]} 29. Qa7 {[%emt 0:03:45]} Bxd5 {[%emt 0:00:23]} 30. Bxd5 {[%emt 0:00:19]} Nf6 {[%emt 0:00:16]} 31. Bb3 {[%emt 0:01:23]} Ne4 {[%emt 0:04:38]} 32. Qa5 {[%emt 0:04:04]} f5 {[%emt 0:00:58]} 33. Nf2 {[%emt 0:02:49]} Nxf2 {[%emt 0:02:26]} 34. Rxf2 {[%emt 0:00:09]} Be3 {[%emt 0:00:18]} 35. Re2 {[%emt 0:01:37]} f4 {[%emt 0:00:26]} 36. Qc7 {[%emt 0:01:12]} Rbd8 {[%emt 0:01:46]} 37. a4 {[%emt 0:04:16]} Rc8 {[%emt 0:00:44]} 38. Qd7 {[%emt 0:02:33]} Rcd8 {[%emt 0:00:22]} 39. Qc7 {[%emt 0:00:53]} Rc8 {[%emt 0:00:13]} 40. Qd7 {[%emt 0:00:00]} Rfd8 {[%emt 0:00:00]} 41. Qe7 {[%emt 0:03:08]} Re8 {[%emt 0:16:05]} 42. Qd7 {[%emt 0:00:46]} Rcd8 {[%emt 0:01:50]} 43. Qc7 {[%emt 0:00:57]} Qf6 {[%emt 0:01:47]} 44. c3 {[%emt 0:03:51]} Bc5 {[%emt 0:02:54]} 45. gxf4 {[%emt 0:02:50]} exf4 {[%emt 0:00:46]} 46. Rde1 {[%emt 0:02:07]} Rxe2 {[%emt 0:03:03]} 47. Rxe2 {[%emt 0:00:55]} Be3 {[%emt 0:01:12]} 48. Bc2 {[%emt 0:01:41]} Re8 {[%emt 0:02:17]} 49. Qh7+ {[%emt 0:03:01]} Kg5 {[%emt 0:00:33]} 50. Qd3 {[%emt 0:00:53]} Qe6 {[%emt 0:01:58]} 51. Re1 {[%emt 0:03:16]} f3 {[%emt 0:01:49]} 52. Rf1 {[%emt 0:01:44]} f2 {[%emt 0:01:32]} 53. Qh7 {[%emt 0:03:00]} Re7 {[%emt 0:01:24]} 54. Qd3 {[%emt 0:01:09]} Kh4 {[%emt 0:00:56]} 55. a5 {[%emt 0:02:35]} Qe5 {[%emt 0:00:49]} 56. a6 {[%emt 0:01:41]} 1-0

[Event "POL-chT 2 Liga 2019"]
[Site "Poronin"]
[Date "2019.09.10"]
[Round "4.7"]
[White "Kozak, Antoni"]
[Black "Wandzik, Wojciech"]
[Result "1-0"]
[WhiteElo "2341"]
[BlackElo "2409"]
[Annotator "TA"]
[PlyCount "59"]
[EventDate "2019.09.07"]
[EventType "team-tourn"]
[EventCountry "POL"]
[SourceTitle "playchess.com"]
[Source "ChessBase"]
[SourceQuality "1"]

{[%evp 9,159,17,17,31,32,40,101,96,128,117,142,144,149,151,171,157,231,232,263,263,299,294,310,319,312,310,298,179,175,177,181,182,216,229,226,216,222,212,217,195,237,237,237,237,237,237,237,237,237,237,237,237,237,237,237,237,300,300,300,300,311,286,283,283,279,260,313,312,310,311,368,346,339,339,1629,1654,1636,1622,1567,1439,1296,874,631,541,541,541,541,541,4037,2315,4772,4735,4985,4681,4562,3522,3694,2098,3450,3051,1600,1526,1547,1539,1539,1492,1469,1469,1237,874,4369,3573,29940,29946,29959,29961,29959,29961,29962,29962,29965,29966,29958,29967,29966,29967,29967,29968,29968,29969,29968,29969,29969,29970,29967,29967,29968,29954,8059,2368,5541,3343,5604,3052,2522,1734,29980,29981,29981,29977,29976,29978]} 1. d4 Nf6 2. Bg5 c5 3. Bxf6 gxf6 4. d5 f5 5. c4 b5 (5... d6 6. Nc3 Nd7 7. e3 Nf6 8. Qc2 Bg7 9. Bd3 e6 10. Nge2 Bd7 11. O-O Qc7 12. a3 Ng4 {0-1 (35) Kryakvin,D (2588)-Puranik,A (2536) chess.com INT 2019}) 6. cxb5 {A45: Trompowsky Attack} a6 7. e3 axb5 (7... Qa5+ $14 8. Nc3 Bg7) 8. Bxb5 $16 {White is better.} Qb6 $146 ({Predecessor:} 8... Qa5+ 9. Nc3 Bg7 10. Nge2 Ba6 11. Bxa6 Rxa6 12. Qc2 Rb6 {1-0 (26) Fries Nielsen,J (2365)-Persson,J (2004) Malmo 2012}) 9. Nc3 Ba6 10. a4 Bg7 11. Nge2 O-O 12. O-O e6 (12... Qg6 $16 13. Nf4 Qg5) 13. Ng3 $18 d6 14. Nh5 Bxb5 15. Nxb5 ({Don't take} 15. axb5 $6 Rxa1 16. Qxa1 Nd7 $16) 15... Nd7 16. Nxg7 Kxg7 17. dxe6 fxe6 18. Qxd6 Qxd6 19. Nxd6 Rfb8 20. Nb5 c4 21. Nc7 Ra5 22. Nxe6+ Kf6 23. Nd4 {Black must now prevent Nc6.} Rxb2 24. Rfc1 Nb6 25. g3 Kg6 26. Kg2 Nd5 27. Kf3 c3 28. Ra3 Kf6 29. Rc2 Rb4 30. Raxc3 {Played: Nd4-c6} 1-0